000 00602nam a2200181 i 4500
001 27845
003 ES-MaACL
005 20250929063058.0
007 t|
008 030115s1968 sp ||||1| spa d
100 1 _aBabin, Pierre,
_d1925-2012
_924418
245 1 0 _aPureza
_b: educación de los adolecentes en la fe /
_cPierre Babin ; [Versión dirigida por José Manuel Estepa Llaurens].
260 _aMadrid :
_bMarova,
_c[1968]
300 _a12 t. en 1 t. ;
_c22 cm.
700 1 _aEstepa Llaurens, José Manuel.
_948112
852 _aES-MaACL
_jC-46810
_bR.67634
999 _c27845
_d27845